Vehicular Emission Control Project (Record no. 542822)

000 -LEADER
fixed length control field 00346nam a22001217a 4500
082 ## - DEWEY DECIMAL CLASSIFICATION NUMBER
Classification number 363.7387
Author Mark CAN
-- D
245 ## - TITLE STATEMENT
Title Vehicular Emission Control Project
260 ## - PUBLICATION, DISTRIBUTION, ETC.
Place of publication, distribution, etc. Canada
Name of publisher, distributor, etc. Environental Technology Center
300 ## - PHYSICAL DESCRIPTION
Extent veriable pages
Other physical details ill. ;
Dimensions 24 cm
526 ## - STUDY PROGRAM INFORMATION NOTE
Program name 0
Interest level 0
Reading level 0
Title point value 363_738700000000000_CAN
650 ## - SUBJECT ADDED ENTRY--TOPICAL TERM
Topical term or geographic name entry element MCE (D)
9 (RLIN) 38182
942 ## - ADDED ENTRY ELEMENTS (KOHA)
Source of classification or shelving scheme
Koha item type Book
Holdings
Withdrawn status Lost status Source of classification or shelving scheme Damaged status Not for loan Permanent Location Current Location Date acquired Total Checkouts Full call number Barcode Date last seen Price effective from Koha item type
          Military College of Engineering (MCE) Military College of Engineering (MCE) 02/19/2014   363.7387 CAN MCE-42714 02/19/2014 02/19/2014 Book
© 2023 Central Library, National University of Sciences and Technology. All Rights Reserved.